1553 1042 1631 1897 1664 1223 1211 1395 1689 1836 1130 1131 1921 1646 1853 1318 1158 1510 1285 1851 1693 1222 1745 1540 1203 1185 1229 1822 1772 1353 1309 1031 1032 1256 1948 1266 1180 1545 1106 1359 1461 1643 1861 1841 1933 1258 1865 1709 1832 1215 1072 1420 1970 1179 1049 1385 1082 1201 1492 1577 1235 1667 1125 1998 1341 1736 1694 1667 1119 1739 1384 1681 1151 1410 1925 1068 1823 1260 1110 1906 1471 1865 1796 1829 1376 1084 1692 1226 1648 1486 1625 1732 1289 1396 1251 1851 1943 1888 1245 BCNSPRNW ULIB Ver.6.0+V

เปลี่ยนเป็นภาษาไทย

Change to English
 แสดงรายละเอียดบรรณานุกรม
  กลับหน้าหลัก

Brief Record : Get Marc (ISO 2709) : E-mail record : QR code < ปิดหน้าต่าง
LEADER : 00000nam 2200000uu 4500
001    13399111389
003     ULIB
008    110623s2011||||th 000 0 eng d
020    9780763785864 (pbk.)
020    0763785865 (pbk.)
060  4 WY105^bP964 2011
245 00 Project planning and management :^ba guide for CNLs, DNPs,and nurse executives /^cedited by James L. Harris ... [et al.].
260    Sudbury, MA :^bJones & Bartlett Learning,^c2011.
300    xxi, 306 p. :^bill. ;^c23 cm.
504    Includes bibliographical references and index.
505 0  From project planning to program management / James L.Harris and Linda Roussel -- Foundations of project planning and program management / Sandra E. Walters -- Requisite competencies and skills for effective project planning and program management / Mark Balch ... [et al.] -- Team power and synergy : project planning and program management essentials / Sandra E. Walters -- Planning a project for implementation / Catherine Dearman and Debra Davis -- The clinical needs assessment : foundations for clinical application / James L. Harris, Linda Roussel, andCatherine Dearman -- Implementing a project / Murielle S. Beene -- The role of information technology and the enterprise in project planning and implementation / James L. Harris ... [et al.] -- Developing metrics that support projects and programs / Mary Geary and Clista Clanton -- Measuring the value of projects within organizations / Michael R. Bleich -- Evaluating project outcomes / Patricia L. Thomas -- Disseminating results as a mechanismfor sustaining innovation / Anna C. Alt-White and Maryann F. Pranulis -- Voices from the field : executive nurse administration, clinical nurse leader, and doctor of nursing practice student assignment examples, information from professors, and student exemplars / Linda Roussel, Catherine Dearman, and Lonnie K. Williams -- Voices from the field : best project plans from practice / Catherine Dearman, Linda Roussel, and Lonnie K. Williams.
520 1  "Project Planning and Management: A Guide for CNLs, DNPs,and Nurse Executives provides a step-by-step approach to developing, implementing, and evaluating a project plan. This book serves as a guide to refining the idea or question, reviewing relevant evidence to support a best practice intervention, and outlining process dynamics, outcomes management, and evaluation strategies. Features throughout the text include chapter objectives, key terms,summaries, evidence-based examples, boxed articles, case studies, and review questions, as well as PowerPoint presentations and exam questions. This is the perfect resource for capstone courses and field studies as well asan ideal reference for professionals"--BOOK JACKET.
650  0 Nursing services^xAdministration.
650  0 Project management.
700 1  Harris, James L.^q(James Leonard),^d1956-,^eed.
945    ^p0^l0^i030165
999 ^a ใช้งานได้ทุกระบบ
รายการนี้ยังไม่มีแท็ก
คุณยังไม่ได้ล็อกอิน คุณสามารถมีกิจกรรมร่วมกับเว็บไซต์ได้ แต่ต้องล็อกอินก่อน ::
  ล็อกอิน

รายการสื่อสารสนเทศ

ลำดับที่ ประเภท เลขเรียก/บาร์โค้ด สถานที่ สถานะ
- ไม่พบข้อมูล -

BibComment


ยังไม่เคยถูกคอมเมนท์

คอมเมนท์ทรัพยากรรายการนี้
  คอมเมนท์: Project planning ..


 Copyright 2026. Bcnsprnw @Library